Loading...

Justice interruptus: critical reflections on the postsocialist condition

Bibliographic Details
Main Author: Fraser, Nancy
Format: Printed Book
Language:English
Published: New York, Routledge 1997
Subjects:
LEADER 006010000a22002050004500
015 |a M 
020 |a 0-415-91795-6 
041 |a eng 
082 |a 320.11 N7 
100 |a Fraser, Nancy 
245 |a Justice interruptus: critical reflections on the postsocialist condition 
260 |a New York, Routledge 
260 |c 1997 
650 |a Culture conflict 
650 |a Distributive justice 
650 |a Feminist 
650 |a Justice 
942 |c BK 
999 |c 137654  |d 137650 
952 |0 0  |1 0  |4 0  |6 320_110000000000000_N7  |7 0  |9 136436  |a SIRP  |b SIRP  |d 2017-10-05  |l 0  |o 320.11 N7  |p SIRP03319  |r 2017-10-05  |w 2017-10-05  |y BK